How the Internet works / (Record no. 660)

000 -LEADER
fixed length control field 01256nam a22003737a 4500
001 - CONTROL NUMBER
control field 4009096
003 - CONTROL NUMBER IDENTIFIER
control field OSt
005 - DATE AND TIME OF LATEST TRANSACTION
control field 20210421064038.0
008 - FIXED-LENGTH DATA ELEMENTS--GENERAL INFORMATION
fixed length control field 960909s1996 caua 001 0 eng
010 ## - LIBRARY OF CONGRESS CONTROL NUMBER
LC control number 96191300
020 ## - INTERNATIONAL STANDARD BOOK NUMBER
International Standard Book Number 1562764047
040 ## - CATALOGING SOURCE
Original cataloging agency eng
Transcribing agency DLC
Modifying agency eng
Language of cataloging eng
041 ## - LANGUAGE CODE
Language code of text/sound track or separate title eng
050 00 - LIBRARY OF CONGRESS CALL NUMBER
Classification number TK5105.875.I57
Item number E33 1996
080 ## - UNIVERSAL DECIMAL CLASSIFICATION NUMBER
Universal Decimal Classification number 681.1
Item number G-71
082 00 - DEWEY DECIMAL CLASSIFICATION NUMBER
Classification number 004.67/8
Edition number 21
100 1# - MAIN ENTRY--PERSONAL NAME
Personal name Gralla, Preston.
245 10 - TITLE STATEMENT
Title How the Internet works /
Statement of responsibility, etc. Preston Gralla ; illustrated by Sarah Ishida.
250 ## - EDITION STATEMENT
Edition statement All new ed.
260 ## - PUBLICATION, DISTRIBUTION, ETC.
Place of publication, distribution, etc. Emeryville, Calif. :
Name of publisher, distributor, etc. Ziff-Davis Press,
Date of publication, distribution, etc. c1996.
300 ## - PHYSICAL DESCRIPTION
Extent xi, 180 p. :
Other physical details col. ill. ;
Dimensions 26 cm.
365 ## - TRADE PRICE
Price amount 24.99 usd
490 1# - SERIES STATEMENT
Series statement How it works series
500 ## - GENERAL NOTE
General note Rev. ed. of: How the Internet works / Joshua Eddings. c1994.
500 ## - GENERAL NOTE
General note Includes index.
650 #0 - SUBJECT ADDED ENTRY--TOPICAL TERM
Topical term or geographic name entry element Internet.
653 ## - INDEX TERM--UNCONTROLLED
Uncontrolled term ინტერნეტი
700 1# - ADDED ENTRY--PERSONAL NAME
Personal name Ishida, Sarah.
Relator term Illustrator
700 1# - ADDED ENTRY--PERSONAL NAME
Personal name Eddings, Joshua.
Title of a work How the Internet works.
830 #0 - SERIES ADDED ENTRY--UNIFORM TITLE
Uniform title How it works series (Emeryville, Calif.)
906 ## - LOCAL DATA ELEMENT F, LDF (RLIN)
a 7
b cbc
c orignew
d 2
e ncip
f 19
g y-gencatlg
942 ## - ADDED ENTRY ELEMENTS (KOHA)
Source of classification or shelving scheme
Koha item type Books
Holdings
Withdrawn status Lost status Source of classification or shelving scheme Damaged status Not for loan Permanent location Current location Date acquired Inventory number Total Checkouts Full call number Barcode Date last seen Price effective from Koha item type
          Ken Walker International University Ken Walker International University 12/16/2020 861   681.1 G-71 861 12/16/2020 12/16/2020 Books

Powered by Koha